Every 100,000+ City in Honduras in Order - Statistics

General Stats
  • This quiz has been taken 24 times
    8 since last reset
  • The average score is 5 of 11
Answer Stats
Letter Population City % Correct
S-P-S 1,106,034 San Pedro Sula
100%
T 1,575,168 Tegucigalpa
100%
L-C 237,193 La Ceiba
50%
C 301,093 Choloma
25%
C 184,050 Choluteca
25%
C 190,277 Comayagua
25%
D 103,850 Danlí
25%
E-P 194,122 El Progreso
25%
P-C 149,076 Puerto Cortés
25%
S 133,929 Siguatepeque
25%
V 179,228 Villanueva
25%
No matching quizzes found
Score Distribution
Percent of People with Each Score
Percentile by Number Answered
Your Score History
You have not taken this quiz since the last reset